书目信息 |
| 题名: |
汉语和侗台语研究
|
|
| 作者: | 邢凯 | |
| 分册: | ||
| 出版信息: | 北京 军事谊文出版社 36526 |
|
| 页数: | 276页 | |
| 开本: | 20cm | |
| 丛书名: | ||
| 单 册: | ||
| 中图分类: | H272 | |
| 科图分类: | ||
| 主题词: | 少数民族--民族语--中国 | |
| 电子资源: | ||
| ISBN: | 7-80150-089-X | |
| 000 | 00508nam0 2200181 450 | |
| 001 | 0728815141 | |
| 005 | 20070819080015.14 | |
| 010 | @a7-80150-089-X@d¥14.00 | |
| 100 | @a20070819d km y0chiy0120 ea | |
| 101 | 0 | @achi |
| 200 | 1 | @a汉语和侗台语研究@Ahan yu he tong tai yu yan jiu@f邢凯@Fxing kai |
| 210 | @a北京@c军事谊文出版社@d36526 | |
| 215 | @a276页@d20cm | |
| 606 | 0 | @a少数民族@x民族语@x中国 |
| 690 | @aH272@v3 | |
| 701 | 0 | @a邢凯@Axing kai |
| 801 | 0 | @aCN@bPFT@c20070819 |
| 905 | @a213230@dH272@eZW2@f1 | |
| 汉语和侗台语研究/邢凯.-北京:军事谊文出版社,36526 |
| 276页;20cm |
| ISBN 7-80150-089-X:¥14.00 |
| ● |
| 相关链接 |
|
|
|
|
正题名:汉语和侗台语研究
索取号:H272/ZW2
 
预约/预借
| 序号 | 登录号 | 条形码 | 馆藏地/架位号 | 状态 | 备注 |
| 1 | 7604396 | 276043960 | 密集书库-文学院/ [索取号:H272/ZW2] | 在馆 |